<?xml version="1.0" encoding="UTF-8"?>
<marc:record xmlns:marc="http://www.loc.gov/MARC21/slim">
   <marc:leader>00000nam a2200000 a 4500</marc:leader>
   <marc:datafield ind1="1" ind2=" " tag="100">
      <marc:subfield code="a">Donnelly, Elfie</marc:subfield>
      <marc:subfield code="4">aut</marc:subfield>
      <marc:subfield code="e">Verfasser/-in</marc:subfield>
   </marc:datafield>
   <marc:datafield ind1="0" ind2="0" tag="245">
      <marc:subfield code="a">Das Schmusekätzchen</marc:subfield>
   </marc:datafield>
   <marc:datafield ind1=" " ind2="1" tag="264">
      <marc:subfield code="b">Kiddinx</marc:subfield>
      <marc:subfield code="c">2004</marc:subfield>
   </marc:datafield>
   <marc:datafield ind1="1" ind2=" " tag="490">
      <marc:subfield code="a">Bibi Blocksberg</marc:subfield>
   </marc:datafield>
   <marc:datafield ind1="1" ind2=" " tag="520">
      <marc:subfield code="a">Bibi findet im Garten vor ihrem Haus ein sehr verschmustes Kätzchen. Schon bald sind Bibi und "Schmusi" unzertrennlich. Bibi schläft heimlich bei dem Kätzchen im Schuppen und nimmt es sogar mit in die Schule. Doch dann muss sie sich von "Schmusi" trennen, denn der Junge, dem das Schmusekätzchen gehört, taucht plötzlich auf. </marc:subfield>
   </marc:datafield>
   <marc:datafield ind1="3" ind2=" " tag="024">
      <marc:subfield code="a">4001504266806</marc:subfield>
   </marc:datafield>
</marc:record>
